[Event "DSJ Weihnachtsturnier U20 2020"]
[Site "https://play.chessbase.com/en/play?room=DSJWeihnachtU20"]
[Date "2020.12.29"]
[Round "3"]
[White "Schindler, Tobias"]
[Black "Schulz, Jannis"]
[Result "1-0"]
[Termination "normal"]
[Board "15.1"]
[WhiteElo "1998"]
[BlackElo "1786"]
[WhiteTeam "SK Kelheim 1920"]
[BlackTeam "Barnimer Schachfreunde im SV Stahl Finow"]
[PlyCount "87"]
[WhiteFideId "12963585"]
[BlackFideId "16224710"]
[EventRounds "7"]
[EventType "team-swiss"]
[EventDate "2020.12.29"]

1. c4 {[%emt 0:00:07]} e5 {[%emt 0:00:01]} 2. g3 {[%emt 0:00:06]} g6 {[%emt
0:00:03]} 3. Bg2 {[%emt 0:00:03]} Bg7 {[%emt 0:00:01]} 4. Nc3 {[%emt 0:00:02]}
Nc6 {[%emt 0:00:01]} 5. e4 {[%emt 0:00:04]} d6 {[%emt 0:00:01]} 6. Nge2 { [%emt
0:00:02]} Be6 {[%emt 0:00:04]} 7. d3 {[%emt 0:00:02]} Nge7 {[%emt 0:00:01]} 8.
O-O {[%emt 0:00:02]} O-O {[%emt 0:00:01]} 9. Be3 {[%emt 0:00:37]} h6 { [%emt
0:00:02]} 10. Qd2 {[%emt 0:00:03]} Kh7 {[%emt 0:00:01]} 11. Nd5 {[%emt
0:00:14]} Qd7 {[%emt 0:00:11]} 12. d4 {[%emt 0:01:15]} exd4 {[%emt 0:00:47]}
13. Nxd4 {[%emt 0:00:03]} f5 {[%emt 0:00:18]} 14. Nxe6 {[%emt 0:01:16]} Qxe6 {
[%emt 0:00:02]} 15. Nxc7 {[%emt 0:00:07]} Qxc4 {[%emt 0:00:09]} 16. Nxa8 {
[%emt 0:00:04]} Rxa8 {[%emt 0:00:00]} 17. exf5 {[%emt 0:01:53]} Nxf5 {[%emt
0:00:04]} 18. Rac1 {[%emt 0:00:15]} Qxa2 {[%emt 0:00:15]} 19. Bxc6 {[%emt
0:00:16]} bxc6 {[%emt 0:00:03]} 20. Rxc6 {[%emt 0:00:02]} Qxb2 {[%emt 0:01:08]}
21. Qxb2 {[%emt 0:00:37]} Bxb2 {[%emt 0:00:00]} 22. Rc7+ {[%emt 0:00:01]} Bg7 {
[%emt 0:00:04]} 23. Rxa7 {[%emt 0:00:02]} Rxa7 {[%emt 0:00:01]} 24. Bxa7 {
[%emt 0:00:02]} Kg8 {[%emt 0:00:04]} 25. Rd1 {[%emt 0:00:02]} Be5 {[%emt
0:00:17]} 26. Bb8 {[%emt 0:00:33]} Kf7 {[%emt 0:00:10]} 27. g4 {[%emt 0:00:12]}
Nh4 {[%emt 0:00:43]} 28. Bxd6 {[%emt 0:00:06]} Bxd6 {[%emt 0:00:01]} 29. Rxd6 {
[%emt 0:00:05]} Nf3+ {[%emt 0:00:01]} 30. Kg2 {[%emt 0:00:04]} Ng5 {[%emt
0:00:12]} 31. Ra6 {[%emt 0:00:08]} Ne6 {[%emt 0:00:03]} 32. Kg3 {[%emt
0:00:05]} Kf6 {[%emt 0:00:03]} 33. f4 {[%emt 0:00:02]} h5 {[%emt 0:01:03]} 34.
h3 {[%emt 0:00:42]} hxg4 {[%emt 0:00:13]} 35. hxg4 {[%emt 0:00:03]} Kf7 {[%emt
0:00:01]} 36. f5 {[%emt 0:00:09]} gxf5 {[%emt 0:00:39]} 37. gxf5 {[%emt
0:00:04]} Ng7 { [%emt 0:00:03]} 38. Kf4 {[%emt 0:00:07]} Nh5+ {[%emt 0:00:12]}
39. Kg5 { [%emt 0:00:04]} Ng7 {[%emt 0:00:03]} 40. Ra7+ {[%emt 0:00:02]} Kf8
{[%emt 0:00:03]} 41. Kg6 {[%emt 0:00:10]} Ne8 {[%emt 0:00:14]} 42. f6 {[%emt
0:00:08]} Nd6 {[%emt 0:00:10]} 43. Ra8+ {[%emt 0:00:03]} Ne8 {[%emt 0:00:15]}
44. Rb8 { [%emt 0:00:02]} 1-0

[Event "DSJ Weihnachtsturnier U20 2020"]
[Site "https://play.chessbase.com/en/play?room=DSJWeihnachtU20"]
[Date "2020.12.29"]
[Round "3"]
[White "Schulz, Maximilian"]
[Black "Huber, Benedikt"]
[Result "0-1"]
[Termination "time forfeit"]
[Board "15.2"]
[WhiteElo "1629"]
[BlackElo "1613"]
[WhiteTeam "Barnimer Schachfreunde im SV Stahl Finow"]
[BlackTeam "SK Kelheim 1920"]
[PlyCount "90"]
[WhiteFideId "16221397"]
[BlackFideId "16281225"]
[EventRounds "7"]
[EventType "team-swiss"]
[EventDate "2020.12.29"]

1. d4 {[%emt 0:00:09]} d5 {[%emt 0:00:05]} 2. Bf4 {[%emt 0:00:09]} Nf6 { [%emt
0:00:02]} 3. Nf3 {[%emt 0:00:04]} Bf5 {[%emt 0:00:02]} 4. e3 {[%emt 0:00:02]}
e6 {[%emt 0:00:02]} 5. Bd3 {[%emt 0:00:20]} Bg6 {[%emt 0:00:03]} 6. c3 { [%emt
0:00:12]} c6 {[%emt 0:00:03]} 7. O-O {[%emt 0:00:03]} Bd6 {[%emt 0:00:02] } 8.
Ne5 {[%emt 0:00:07]} O-O {[%emt 0:00:14]} 9. Qc2 {[%emt 0:00:20]} Qe7 { [%emt
0:00:29]} 10. Nd2 {[%emt 0:00:14]} Nbd7 {[%emt 0:00:21]} 11. Ndf3 { [%emt
0:00:57]} Rac8 {[%emt 0:00:39]} 12. Nxd7 {[%emt 0:00:34]} Qxd7 {[%emt 0:00:16]}
13. Ne5 {[%emt 0:00:32]} Qe7 {[%emt 0:00:06]} 14. Nxg6 {[%emt 0:00:15]} hxg6
{[%emt 0:00:00]} 15. Bxd6 {[%emt 0:00:01]} Qxd6 {[%emt 0:00:02]} 16. e4 { [%emt
0:00:13]} dxe4 {[%emt 0:00:29]} 17. Bxe4 {[%emt 0:00:03]} Nxe4 {[%emt 0:00:08]}
18. Qxe4 {[%emt 0:00:03]} Rc7 {[%emt 0:00:05]} 19. Rfe1 {[%emt 0:00:09] } Rfc8
{[%emt 0:00:05]} 20. Qe5 {[%emt 0:00:06]} Qxe5 {[%emt 0:00:29]} 21. Rxe5 {[%emt
0:00:04]} Kf8 {[%emt 0:00:02]} 22. Kf1 {[%emt 0:00:06]} Ke7 {[%emt 0:00:01]}
23. Rd1 {[%emt 0:00:05]} Kd6 {[%emt 0:00:06]} 24. Re2 {[%emt 0:00:41]} Re7
{[%emt 0:00:24]} 25. f4 {[%emt 0:00:11]} Rce8 {[%emt 0:00:02]} 26. Rde1 { [%emt
0:00:06]} c5 {[%emt 0:00:25]} 27. dxc5+ {[%emt 0:00:50]} Kxc5 {[%emt 0:00:00]}
28. Rd1 {[%emt 0:00:08]} Kc6 {[%emt 0:00:12]} 29. Red2 {[%emt 0:01:00]} Kc7
{[%emt 0:01:24]} 30. Rd4 {[%emt 0:00:08]} Kc8 {[%emt 0:00:10]} 31. Rc4+ { [%emt
0:00:09]} Rc7 {[%emt 0:00:12]} 32. Rxc7+ {[%emt 0:00:01]} Kxc7 {[%emt 0:00:00]}
33. Ke2 {[%emt 0:00:19]} e5 {[%emt 0:00:51]} 34. fxe5 {[%emt 0:00:03]} Rxe5+
{[%emt 0:00:00]} 35. Kf3 {[%emt 0:00:06]} Re6 {[%emt 0:00:29]} 36. Rd4 { [%emt
0:00:50]} Ra6 {[%emt 0:00:17]} 37. a3 {[%emt 0:00:37]} Rd6 {[%emt 0:00:14]} 38.
Ke4 {[%emt 0:00:08]} f6 {[%emt 0:00:20]} 39. Rxd6 {[%emt 0:00:05]} Kxd6 {[%emt
0:00:00]} 40. g4 {[%emt 0:00:03]} b6 {[%emt 0:00:15]} 41. b4 { [%emt 0:00:04]}
b5 {[%emt 0:00:04]} 42. h3 {[%emt 0:00:14]} a6 {[%emt 0:00:23]} 43. h4 {[%emt
0:00:03]} Ke6 {[%emt 0:00:05]} 44. h5 {[%emt 0:00:49]} g5 { [%emt 0:00:30]} 45.
Kd4 {[%emt 0:00:04]} f5 {[%emt 0:00:06] TimeW} 0-1

[Event "DSJ Weihnachtsturnier U20 2020"]
[Site "https://play.chessbase.com/en/play?room=DSJWeihnachtU20"]
[Date "2020.12.29"]
[Round "3"]
[White "Gold, Florian"]
[Black "Hamm, Oliver"]
[Result "0-1"]
[Termination "normal"]
[Board "15.3"]
[WhiteElo "1769"]
[BlackElo "1548"]
[WhiteTeam "SK Kelheim 1920"]
[BlackTeam "Barnimer Schachfreunde im SV Stahl Finow"]
[PlyCount "44"]
[WhiteFideId "16220536"]
[BlackFideId "12999016"]
[EventRounds "7"]
[EventType "team-swiss"]
[EventDate "2020.12.29"]

1. e4 {[%emt 0:00:07]} c5 {[%emt 0:00:12]} 2. Nc3 {[%emt 0:00:01]} Nc6 { [%emt
0:00:03]} 3. g3 {[%emt 0:00:01]} g6 {[%emt 0:00:17]} 4. Bg2 {[%emt 0:00:01]}
Bg7 {[%emt 0:00:03]} 5. d3 {[%emt 0:00:01]} e6 {[%emt 0:00:14]} 6. Be3 { [%emt
0:00:02]} d6 {[%emt 0:00:19]} 7. Qd2 {[%emt 0:00:02]} Nd4 {[%emt 0:00:28] } 8.
Nd1 {[%emt 0:00:05]} Ne7 {[%emt 0:00:14]} 9. c3 {[%emt 0:00:02]} Ndc6 { [%emt
0:00:14]} 10. Bh6 {[%emt 0:00:01]} O-O {[%emt 0:00:24]} 11. h4 {[%emt 0:00:02]}
Bxh6 {[%emt 0:00:48]} 12. Qxh6 {[%emt 0:00:02]} f6 {[%emt 0:00:37]} 13. Nh3
{[%emt 0:02:31]} d5 {[%emt 0:00:34]} 14. exd5 {[%emt 0:00:37]} exd5 { [%emt
0:00:09]} 15. O-O {[%emt 0:00:19]} d4 {[%emt 0:00:08]} 16. Be4 {[%emt 0:01:26]}
Bxh3 {[%emt 0:00:21]} 17. Re1 {[%emt 0:00:02]} Ne5 {[%emt 0:00:42]} 18. c4
{[%emt 0:00:35]} Qa5 {[%emt 0:00:37]} 19. Re2 {[%emt 0:01:04]} Bg4 {[%emt
0:00:06]} 20. f3 {[%emt 0:00:05]} Bxf3 {[%emt 0:00:11]} 21. Bxf3 {[%emt
0:00:10]} Nxf3+ {[%emt 0:00:02]} 22. Kf2 {[%emt 0:00:01]} Ne5 {[%emt 0:00:07]}
0-1

[Event "DSJ Weihnachtsturnier U20 2020"]
[Site "https://play.chessbase.com/en/play?room=DSJWeihnachtU20"]
[Date "2020.12.29"]
[Round "3"]
[White "Conrad, Max"]
[Black "Piehler, Sebastian"]
[Result "0-1"]
[Termination "normal"]
[Board "15.4"]
[WhiteElo "1306"]
[BlackElo "1603"]
[WhiteTeam "Barnimer Schachfreunde im SV Stahl Finow"]
[BlackTeam "SK Kelheim 1920"]
[PlyCount "160"]
[WhiteFideId "16265572"]
[BlackFideId "16222032"]
[EventRounds "7"]
[EventType "team-swiss"]
[EventDate "2020.12.29"]

1. d4 {[%emt 0:00:05]} Nf6 {[%emt 0:00:10]} 2. Bf4 {[%emt 0:00:03]} e6 { [%emt
0:00:08] Kelheim1-004 reconnected.} 3. e3 {[%emt 0:00:15]} d5 {[%emt 0:00:03]}
4. c3 {[%emt 0:00:15]} Nbd7 {[%emt 0:00:14]} 5. Nd2 {[%emt 0:00:04]} b6 {[%emt
0:00:08]} 6. Bd3 {[%emt 0:00:02]} Bb7 {[%emt 0:00:04]} 7. Ngf3 {[%emt 0:00:04]}
Be7 {[%emt 0:00:15]} 8. Qc2 {[%emt 0:00:03]} c5 {[%emt 0:00:08]} 9. O-O {[%emt
0:00:06]} Rc8 {[%emt 0:00:10]} 10. Ne5 {[%emt 0:00:03]} h6 {[%emt 0:01:08]} 11.
Ndf3 {[%emt 0:00:12]} c4 {[%emt 0:00:17]} 12. Be2 {[%emt 0:00:04]} Ne4 {[%emt
0:00:04]} 13. Nxd7 {[%emt 0:00:13]} Qxd7 {[%emt 0:00:09]} 14. Ne5 { [%emt
0:00:03]} Qd8 {[%emt 0:00:10]} 15. f3 {[%emt 0:00:05]} Nd6 {[%emt 0:00:29]} 16.
Qa4+ {[%emt 0:00:40]} b5 {[%emt 0:01:14]} 17. Qc2 {[%emt 0:00:34]} O-O {[%emt
0:01:42]} 18. Bg3 {[%emt 0:00:15]} Bg5 {[%emt 0:00:46]} 19. f4 {[%emt 0:00:04]}
Bf6 {[%emt 0:00:09]} 20. h3 {[%emt 0:00:37]} Ne4 {[%emt 0:00:39]} 21. Bh2
{[%emt 0:00:14]} Bh4 {[%emt 0:00:38]} 22. Bf3 {[%emt 0:01:36]} Bg3 { [%emt
0:00:40]} 23. Bxg3 {[%emt 0:00:07]} Nxg3 {[%emt 0:00:02]} 24. Rfe1 { [%emt
0:00:04]} Ne4 {[%emt 0:00:01]} 25. Bxe4 {[%emt 0:00:32]} dxe4 {[%emt 0:00:02]}
26. g4 {[%emt 0:00:07]} Kh7 {[%emt 0:00:17]} 27. Qh2 {[%emt 0:00:30]} f6 {[%emt
0:00:10]} 28. Nxc4 {[%emt 0:00:25]} Rxc4 {[%emt 0:00:07]} 29. h4 { [%emt
0:00:22]} b4 {[%emt 0:00:03]} 30. cxb4 {[%emt 0:00:06]} Qe7 {[%emt 0:00:16]}
31. Qd2 {[%emt 0:00:23]} Rfc8 {[%emt 0:00:03]} 32. Rac1 {[%emt 0:00:07]} Qc7
{[%emt 0:00:02]} 33. Rc3 {[%emt 0:00:05]} Rxc3 {[%emt 0:00:04]} 34. bxc3 {
[%emt 0:00:06]} Qc4 {[%emt 0:00:01]} 35. Rc1 {[%emt 0:00:09]} Bd5 {[%emt
0:00:02]} 36. a3 {[%emt 0:00:06]} Rc6 {[%emt 0:00:09]} 37. Kf2 {[%emt 0:00:10]}
Ra6 {[%emt 0:00:07]} 38. Qb2 {[%emt 0:00:07]} Qb3 {[%emt 0:00:02]} 39. Qxb3 {
[%emt 0:00:09]} Bxb3 {[%emt 0:00:01]} 40. Ra1 {[%emt 0:00:06]} Bc4 {[%emt
0:00:01]} 41. Kg3 {[%emt 0:00:12]} Kg6 {[%emt 0:00:01]} 42. g5 {[%emt 0:00:03]}
hxg5 {[%emt 0:00:02]} 43. hxg5 {[%emt 0:00:02]} fxg5 {[%emt 0:00:01]} 44. Kg4 {
[%emt 0:00:04]} gxf4 {[%emt 0:00:05]} 45. Kxf4 {[%emt 0:00:03]} Bd3 {[%emt
0:00:03]} 46. a4 {[%emt 0:00:19]} Rc6 {[%emt 0:00:02]} 47. Rc1 {[%emt 0:00:03]}
Rc8 {[%emt 0:00:02]} 48. a5 {[%emt 0:00:04]} Kf6 {[%emt 0:00:07]} 49. Rg1 {
[%emt 0:00:05]} Rh8 {[%emt 0:00:02]} 50. Rg5 {[%emt 0:00:02]} Rh4+ {[%emt
0:00:02]} 51. Rg4 {[%emt 0:00:06]} Rxg4+ {[%emt 0:00:02]} 52. Kxg4 {[%emt
0:00:02]} g5 {[%emt 0:00:00]} 53. Kg3 {[%emt 0:00:14]} Kg6 {[%emt 0:00:02]} 54.
Kg4 { [%emt 0:00:02]} Be2+ {[%emt 0:00:02]} 55. Kg3 {[%emt 0:00:02]} Kh5 {[%emt
0:00:00]} 56. Kf2 {[%emt 0:00:14]} Bd3 {[%emt 0:00:01]} 57. Kg3 {[%emt
0:00:05]} Bc4 {[%emt 0:00:01]} 58. d5 {[%emt 0:00:07]} exd5 {[%emt 0:00:02]}
59. Kh3 { [%emt 0:00:10]} g4+ {[%emt 0:00:01]} 60. Kg3 {[%emt 0:00:01]} Kg5
{[%emt 0:00:00]} 61. Kg2 {[%emt 0:00:05]} Kh4 {[%emt 0:00:01]} 62. Kh2 {[%emt
0:00:02]} g3+ {[%emt 0:00:06]} 63. Kg2 {[%emt 0:00:02]} Kg4 {[%emt 0:00:01]}
64. Kh1 { [%emt 0:00:07]} Kf3 {[%emt 0:00:02]} 65. Kg1 {[%emt 0:00:05]} Kxe3
{[%emt 0:00:01]} 66. Kg2 {[%emt 0:00:02]} Kd2 {[%emt 0:00:01]} 67. Kxg3 {[%emt
0:00:01]} e3 {[%emt 0:00:01]} 68. Kf3 {[%emt 0:00:01]} e2 {[%emt 0:00:00]} 69.
Kf4 {[%emt 0:00:04]} e1=Q {[%emt 0:00:02]} 70. Kf5 {[%emt 0:00:02]} Kxc3 {[%emt
0:00:01]} 71. Kf6 {[%emt 0:00:05]} Kxb4 {[%emt 0:00:02]} 72. Kf7 {[%emt
0:00:02]} d4+ { [%emt 0:00:01]} 73. Kg7 {[%emt 0:00:01]} Qf2 {[%emt 0:00:02]}
74. Kg6 {[%emt 0:00:02]} Kc5 {[%emt 0:00:01]} 75. Kg7 {[%emt 0:00:02]} Kd6
{[%emt 0:00:01]} 76. Kg6 {[%emt 0:00:02]} Ke6 {[%emt 0:00:02]} 77. Kg7 {[%emt
0:00:01]} Qf3 { [%emt 0:00:05]} 78. Kg6 {[%emt 0:00:02]} Qg3+ {[%emt 0:00:02]}
79. Kh7 { [%emt 0:00:02]} Kf7 {[%emt 0:00:02]} 80. Kh6 {[%emt 0:00:01]} Qg6#
{[%emt 0:00:02]} 0-1

[Event "DSJ Weihnachtsturnier U20 2020"]
[Site "https://play.chessbase.com/en/play?room=DSJWeihnachtU20"]
[Date "2020.12.29"]
[Round "3"]
[White "Mundt, Alexandra"]
[Black "Denz, Johannes"]
[Result "0-1"]
[Termination "time forfeit"]
[Board "16.2"]
[WhiteElo "1768"]
[BlackElo "1402"]
[WhiteTeam "Lübecker SV von 1873"]
[BlackTeam "SC Windischeschenbach"]
[PlyCount "104"]
[WhiteFideId "16217276"]
[BlackFideId "34627324"]
[EventRounds "7"]
[EventType "team-swiss"]
[EventDate "2020.12.29"]

1. e4 {[%emt 0:00:04]} e5 {[%emt 0:00:02]} 2. Nc3 {[%emt 0:00:03]} Nc6 { [%emt
0:00:02]} 3. f4 {[%emt 0:00:01]} exf4 {[%emt 0:00:07]} 4. Nf3 {[%emt 0:00:08]}
Nge7 {[%emt 0:00:01]} 5. d4 {[%emt 0:00:02]} d5 {[%emt 0:00:00]} 6. e5 {[%emt
0:00:15]} Ng6 {[%emt 0:00:28]} 7. Bb5 {[%emt 0:00:22]} a6 {[%emt 0:00:07]} 8.
Ba4 {[%emt 0:00:25]} b5 {[%emt 0:00:28]} 9. Bb3 {[%emt 0:00:01]} Bb4 { [%emt
0:00:01]} 10. O-O {[%emt 0:00:12]} Bxc3 {[%emt 0:00:28]} 11. bxc3 { [%emt
0:00:01]} Bg4 {[%emt 0:00:00]} 12. Qe1 {[%emt 0:00:16]} O-O {[%emt 0:00:19]}
13. h3 {[%emt 0:00:38]} Be6 {[%emt 0:00:04]} 14. Qf2 {[%emt 0:00:27]} f6 {
[%emt 0:00:15]} 15. exf6 {[%emt 0:00:15]} Rxf6 {[%emt 0:00:12]} 16. Ng5 { [%emt
0:00:14]} Qd6 {[%emt 0:00:52]} 17. Nxe6 {[%emt 0:01:01]} Qxe6 {[%emt 0:00:03]}
18. Qf3 {[%emt 0:00:05]} Rd8 {[%emt 0:00:28]} 19. Bd2 {[%emt 0:00:14]} Na5
{[%emt 0:00:03]} 20. Rae1 {[%emt 0:00:06]} Qd6 {[%emt 0:00:09]} 21. Re2 { [%emt
0:00:55]} Nxb3 {[%emt 0:00:17]} 22. cxb3 {[%emt 0:00:03]} Rdf8 {[%emt 0:00:21]}
23. Ref2 {[%emt 0:00:15]} Qa3 {[%emt 0:01:21]} 24. Qxd5+ {[%emt 0:00:07]} Kh8
{[%emt 0:00:06]} 25. Bc1 {[%emt 0:00:35]} Qe7 {[%emt 0:00:22]} 26. Qg5 {[%emt
0:00:32]} Qd6 {[%emt 0:00:14]} 27. Qg4 {[%emt 0:00:26]} c5 {[%emt 0:00:22]} 28.
dxc5 {[%emt 0:00:32]} Qxc5 {[%emt 0:00:00]} 29. Bb2 {[%emt 0:00:06]} Ne5 {[%emt
0:00:10]} 30. Qe2 {[%emt 0:00:03]} f3 {[%emt 0:00:18]} 31. gxf3 { [%emt
0:00:40]} Nxf3+ {[%emt 0:00:00]} 32. Kh1 {[%emt 0:00:05]} Qc6 {[%emt 0:00:09]}
33. Rxf3 {[%emt 0:00:50]} Rxf3 {[%emt 0:00:03]} 34. Rxf3 {[%emt 0:00:05]} Qxf3+
{[%emt 0:00:30]} 35. Qxf3 {[%emt 0:00:01]} Rxf3 {[%emt 0:00:00]} 36. Kg2 {[%emt
0:00:01]} Rd3 {[%emt 0:00:01]} 37. Bc1 {[%emt 0:00:58]} Rd1 { [%emt 0:00:05]}
38. Bf4 {[%emt 0:00:04]} Ra1 {[%emt 0:00:04]} 39. a4 {[%emt 0:00:02]} bxa4
{[%emt 0:00:07]} 40. bxa4 {[%emt 0:00:01]} Rxa4 {[%emt 0:00:01]} 41. Kf3 {[%emt
0:00:05]} Rc4 {[%emt 0:00:02]} 42. Be5 {[%emt 0:00:02]} Kg8 { [%emt 0:00:02]}
43. Ke3 {[%emt 0:00:02]} g6 {[%emt 0:00:02]} 44. Kd3 {[%emt 0:00:04]} Rc8
{[%emt 0:00:01]} 45. c4 {[%emt 0:00:02]} Kf7 {[%emt 0:00:02]} 46. Kd4 {[%emt
0:00:01]} Ke6 {[%emt 0:00:01]} 47. Bg3 {[%emt 0:00:04]} Rc6 { [%emt 0:00:04]}
48. c5 {[%emt 0:00:02]} a5 {[%emt 0:00:03]} 49. Kc4 {[%emt 0:00:01]} a4 {[%emt
0:00:01]} 50. Kb5 {[%emt 0:00:01]} Kd5 {[%emt 0:00:01]} 51. Bf2 {[%emt
0:00:04]} a3 {[%emt 0:00:02]} 52. Kb4 {[%emt 0:00:02]} a2 {[%emt 0:00:01]
TimeW} 0-1

[Event "DSJ Weihnachtsturnier U20 2020"]
[Site "https://play.chessbase.com/en/play?room=DSJWeihnachtU20"]
[Date "2020.12.29"]
[Round "3"]
[White "Müller, Milo"]
[Black "Kroschel, Anton"]
[Result "0-1"]
[Termination "time forfeit"]
[Board "16.3"]
[WhiteElo "1232"]
[BlackElo "1754"]
[WhiteTeam "SC Windischeschenbach"]
[BlackTeam "Lübecker SV von 1873"]
[PlyCount "70"]
[WhiteFideId "16265700"]
[BlackFideId "12969834"]
[EventRounds "7"]
[EventType "team-swiss"]
[EventDate "2020.12.29"]

1. e4 {[%emt 0:00:06]} c5 {[%emt 0:00:09]} 2. Nc3 {[%emt 0:00:04]} e6 {[%emt
0:00:10]} 3. f4 {[%emt 0:00:14]} d5 {[%emt 0:00:29]} 4. Nf3 {[%emt 0:00:26]}
dxe4 {[%emt 0:00:14]} 5. Nxe4 {[%emt 0:00:04]} Nc6 {[%emt 0:00:02]} 6. Bb5
{[%emt 0:00:03]} Bd7 {[%emt 0:00:03]} 7. O-O {[%emt 0:00:08]} Nf6 {[%emt
0:00:07]} 8. d3 {[%emt 0:00:07]} a6 {[%emt 0:00:09]} 9. Bxc6 {[%emt 0:00:13]}
Bxc6 {[%emt 0:00:03]} 10. Nxf6+ {[%emt 0:00:30]} Qxf6 {[%emt 0:00:10]} 11. c3
{[%emt 0:00:12]} Be7 {[%emt 0:00:11]} 12. Ne5 {[%emt 0:00:14]} Rc8 {[%emt
0:01:18]} 13. Nxc6 { [%emt 0:00:42]} Rxc6 {[%emt 0:00:03]} 14. Qf3 {[%emt
0:00:06]} O-O {[%emt 0:00:09]} 15. Bd2 {[%emt 0:00:08]} Rd8 {[%emt 0:00:02]}
16. Rad1 {[%emt 0:00:06]} b5 {[%emt 0:00:18]} 17. Qxc6 {[%emt 0:00:08]} b4
{[%emt 0:00:46]} 18. Qe4 { [%emt 0:00:35]} a5 {[%emt 0:00:09]} 19. Rf3 {[%emt
0:00:03]} Bd6 {[%emt 0:00:14]} 20. Rh3 {[%emt 0:00:23]} h6 {[%emt 0:00:02]} 21.
Rf1 {[%emt 0:00:20]} a4 { [%emt 0:00:13]} 22. Rff3 {[%emt 0:00:20]} a3 {[%emt
0:00:03]} 23. b3 {[%emt 0:01:19]} bxc3 {[%emt 0:00:03]} 24. Bc1 {[%emt
0:00:01]} c2 {[%emt 0:00:05]} 25. Qe2 {[%emt 0:00:26]} c4 {[%emt 0:00:20]} 26.
bxc4 {[%emt 0:00:13]} Qc3 { [%emt 0:00:04]} 27. Rf2 {[%emt 0:00:07]} Bc5 {[%emt
0:00:04]} 28. Re3 {[%emt 0:00:38]} Bxe3 {[%emt 0:00:13]} 29. Qxe3 {[%emt
0:00:04]} Rxd3 {[%emt 0:00:08]} 30. Qe2 {[%emt 0:00:07]} Qxc4 {[%emt 0:02:14]}
31. g3 {[%emt 0:02:06]} Rd1+ { [%emt 0:00:14]} 32. Kg2 {[%emt 0:00:05]} Qd5+
{[%emt 0:00:20]} 33. Kh3 { [%emt 0:00:11]} Rxc1 {[%emt 0:00:10]} 34. Qd2 {[%emt
0:00:35]} Qh5+ {[%emt 0:00:53]} 35. Kg2 {[%emt 0:00:02]} Rg1+ {[%emt 0:00:42]
TimeW} 0-1

[Event "DSJ Weihnachtsturnier U20 2020"]
[Site "https://play.chessbase.com/en/play?room=DSJWeihnachtU20"]
[Date "2020.12.29"]
[Round "3"]
[White "Stülcken, Philipp"]
[Black "Schubert, Stanislav"]
[Result "1-0"]
[Termination "normal"]
[Board "16.4"]
[WhiteElo "1459"]
[BlackElo "1658"]
[WhiteTeam "Lübecker SV von 1873"]
[BlackTeam "SC Windischeschenbach"]
[PlyCount "79"]
[WhiteFideId "12986232"]
[BlackFideId "16202660"]
[EventRounds "7"]
[EventType "team-swiss"]
[EventDate "2020.12.29"]

1. e4 {[%emt 0:00:00]} e6 {[%emt 0:00:14]} 2. d4 {[%emt 0:00:04]} d5 {[%emt
0:00:02]} 3. Nd2 {[%emt 0:00:02]} Bd7 {[%emt 0:00:08]} 4. g3 {[%emt 0:00:11]}
Bc6 {[%emt 0:00:03]} 5. Bg2 {[%emt 0:00:02]} dxe4 {[%emt 0:00:18]} 6. Bxe4 {
[%emt 0:00:03]} Bxe4 {[%emt 0:00:02]} 7. Nxe4 {[%emt 0:00:02]} Nc6 {[%emt
0:00:17]} 8. c3 {[%emt 0:00:17]} Qd5 {[%emt 0:00:16]} 9. f3 {[%emt 0:00:18]}
O-O-O { [%emt 0:00:45]} 10. Ne2 {[%emt 0:00:19]} e5 {[%emt 0:00:19]} 11. Be3
{[%emt 0:00:15]} f6 {[%emt 0:00:57]} 12. Qa4 {[%emt 0:00:47]} Nge7 {[%emt
0:00:35]} 13. O-O-O {[%emt 0:00:08]} Qa5 {[%emt 0:00:24]} 14. Qb3 {[%emt
0:00:22]} Nf5 { [%emt 0:00:12]} 15. Qe6+ {[%emt 0:00:19]} Kb8 {[%emt 0:00:14]}
16. Qxf5 { [%emt 0:00:02]} Qxa2 {[%emt 0:00:07]} 17. Kc2 {[%emt 0:00:26]} Ba3
{[%emt 0:00:14]} 18. Rb1 {[%emt 0:00:23]} exd4 {[%emt 0:00:40]} 19. Nxd4 {[%emt
0:00:06]} Nxd4+ {[%emt 0:00:13]} 20. Bxd4 {[%emt 0:00:02]} Rxd4 {[%emt
0:00:26]} 21. cxd4 {[%emt 0:00:06]} Qc4+ {[%emt 0:00:02]} 22. Kd1 {[%emt
0:00:20]} Qd3+ {[%emt 0:00:14]} 23. Kc1 {[%emt 0:00:18]} Bb4 {[%emt 0:01:51]}
24. Rd1 {[%emt 0:00:23]} Qe3+ {[%emt 0:00:29]} 25. Nd2 {[%emt 0:00:13]} Bxd2+
{[%emt 0:00:11]} 26. Rxd2 {[%emt 0:00:01]} Qe1+ {[%emt 0:00:05]} 27. Kc2 {[%emt
0:00:02]} Qe7 {[%emt 0:00:27]} 28. Qe4 {[%emt 0:00:20]} Qd7 {[%emt 0:00:09]}
29. Re2 {[%emt 0:00:12]} Qa4+ {[%emt 0:00:06]} 30. Kd2 {[%emt 0:00:08]} Qb4+
{[%emt 0:00:03]} 31. Kd1 { [%emt 0:00:06]} Qb3+ {[%emt 0:00:14]} 32. Ke1 {[%emt
0:00:01]} Qb4+ {[%emt 0:00:20]} 33. Kf2 {[%emt 0:00:01]} Rd8 {[%emt 0:00:02]}
34. Qe8 {[%emt 0:00:08]} Qxd4+ {[%emt 0:00:01]} 35. Qe3 {[%emt 0:00:06]} Qd6
{[%emt 0:00:16]} 36. Kg2 { [%emt 0:00:08]} a5 {[%emt 0:00:02]} 37. Qc3 {[%emt
0:00:11]} b6 {[%emt 0:00:03] } 38. Rbe1 {[%emt 0:00:02]} c5 {[%emt 0:00:06]}
39. Re8 {[%emt 0:00:04]} Qd2+ { [%emt 0:00:04]} 40. Qxd2 {[%emt 0:00:02]} 1-0